| 000 | 00000nam 2200000zi 4500 |
| 001 | 9.947412 |
| 003 | CaOODSP |
| 005 | 20250212130416 |
| 006 | m o d f |
| 007 | cr ||||||||||| |
| 008 | 250127t20242025quc ob f00| 0 fre d |
| 020 | |a9780660754444 |
| 040 | |aCaOODSP|bfre|erda|cCaOODSP |
| 043 | |an-cn--- |
| 086 | 1 |aCH44-144/2025F-PDF |
| 245 | 00|aRapport périodique quadriennal 2024 du Canada sur la mise en oeuvre de la Convention de l'UNESCO sur la protection et la promotion de la diversité des expressions culturelles. |
| 250 | |aÉdition 2024. |
| 264 | 1|a[Gatineau, QC] : |bGouvernement du Canada = Government of Canada, |c2024. |
| 264 | 4|c©2025 |
| 300 | |a1 ressource en ligne (177 pages) |
| 336 | |atexte|btxt|2rdacontent/fre |
| 337 | |ainformatique|bc|2rdamedia/fre |
| 338 | |aressource en ligne|bcr|2rdacarrier/fre |
| 500 | |aPublié aussi en anglais sous le titre : Canada's 2024 quadrennial periodic report on the implementation of the UNESCO Convention on the Protection and Promotion of the Diversity of Cultural Expressions. |
| 504 | |aComprend des références bibliographiques. |
| 520 | |a« Au courant des quatre années couvertes par le présent rapport, le Canada a fait des progrès significatifs sur ses priorités transversales que sont l’équité et l’inclusion, notamment des personnes racisées et des personnes autochtones, et sur la mise en Ĺ“uvre de la Convention dans l’environnement numérique. Parmi ces progrès, notons l’adoption, en 2023, de la Loi sur la diffusion continue en ligne, qui vient encadrer la découvrabilité du contenu canadien, y compris en français et en langues autochtones, sur les grandes plateformes numériques, le co-développement de la Politique de radiodiffusion autochtone ainsi que le financement permanent du Programme du Bureau de l’écran autochtone »--Résumé, pages 4-5. |
| 650 | 0|aDiversité culturelle|zCanada. |
| 650 | 6|aMulticulturalisme|zCanada. |
| 710 | 1 |aCanada. |bPatrimoine canadien, |eorganisme de publication. |
| 710 | 2 |aOrganisation des Nations Unies pour l'éducation, la science et la culture, |eorganisme de publication. |
| 775 | 08|tCanada's 2024 quadrennial periodic report on the implementation of the UNESCO Convention on the Protection and Promotion of the Diversity of Cultural Expressions.|w(CaOODSP)9.947410 |
| 795 | |tPremier rapport du Canada sur la mise en oeuvre de la Convention sur la protection et la promotion de la diversité des expressions culturelles de l'UNESCO |w(CaOODSP)9.640758 |
| 856 | 40|qPDF|s2.59 Mo|uhttps://publications.gc.ca/collections/collection_2025/pch/CH44-144-2025-fra.pdf |